| 000 | 01109nam a2200265 a 4500 | ||
|---|---|---|---|
| 001 | 81124 | ||
| 003 | BD-RjUL | ||
| 005 | 20231114104913.0 | ||
| 008 | 230124s2012 BG a|||| m||| 00| 0 eng d | ||
| 035 | _a(BD-RjUL)81124 | ||
| 040 |
_aBD-RjUL _beng _cBD-RjUL _dBD-RjUL |
||
| 041 | _aeng | ||
| 082 |
_223 _a616.44 _bISR 2012 |
||
| 100 |
_aIslam, Mirza Md. Nazrul _96701 |
||
| 245 | 1 | 0 |
_aRELATIONSHIP BETWEEN THYROID FUNCTION AND LIPID PROFILE IN THYROID DISORDER / _cBy Mirza Md. Nazrul Islam ; _6Principal Supervisor : Parvez Hassan Co-Supervisor's : M. Iqbal Arslan & M. Moinul Islam |
| 260 |
_aRajshahi : _bInstitute of Biological Sciences, University of Rajshahi, _c2012. |
||
| 300 |
_a[16], 136 leaves : _bill.; _c29 cm. |
||
| 502 | _aThesis(Ph.D.)-- Institute of Biological Sciences,University of Rajshahi,2012 | ||
| 504 | _aRerferences : Leaves 98-120 | ||
| 650 |
_aDiseases _xThyroid Disorder _vLipid Profile _96702 |
||
| 700 |
_aHassan, Parvez, Principal Supervisor _93111 |
||
| 700 |
_aArslan, M. Iqbal, Co-Supervisor _96703 |
||
| 700 |
_aIslam, M. Moinul, Co-Supervisor _96704 |
||
| 942 |
_2ddc _cTHE |
||
| 999 |
_c81124 _d81124 |
||